<?xml version="1.0" encoding="UTF-8"?>
<record
    xmlns:xsi="http://www.w3.org/2001/XMLSchema-instance"
    xsi:schemaLocation="http://www.loc.gov/MARC21/slim http://www.loc.gov/standards/marcxml/schema/MARC21slim.xsd"
    xmlns="http://www.loc.gov/MARC21/slim">

  <leader>03785nam a2200409 a 4500</leader>
  <controlfield tag="003">CHAP</controlfield>
  <controlfield tag="005">20240130131257.0</controlfield>
  <controlfield tag="007">ta</controlfield>
  <controlfield tag="008">231019s2018    SP ao||fr|||| 001 0 spa d</controlfield>
  <datafield tag="020" ind1=" " ind2=" ">
    <subfield code="a">978-84-17225-32-2</subfield>
  </datafield>
  <datafield tag="040" ind1=" " ind2=" ">
    <subfield code="a">Z</subfield>
    <subfield code="c">CHAP</subfield>
    <subfield code="e">rda</subfield>
  </datafield>
  <datafield tag="082" ind1="0" ind2="0">
    <subfield code="a">637.15</subfield>
    <subfield code="b">M43 2018</subfield>
    <subfield code="2">20</subfield>
  </datafield>
  <datafield tag="100" ind1="1" ind2=" ">
    <subfield code="9">188165</subfield>
    <subfield code="a">Meana Ma&#xF1;es, Ar&#xE1;nzazu</subfield>
    <subfield code="e">autor</subfield>
  </datafield>
  <datafield tag="245" ind1="1" ind2="7">
    <subfield code="a">40 Q&amp;A sobre sanidad y producci&#xF3;n ap&#xED;cola /</subfield>
    <subfield code="c">Ar&#xE1;nzazu Meana Ma&#xF1;es, Mariano Higes Pascual y Raquel Mart&#xED;n Hern&#xE1;ndez</subfield>
  </datafield>
  <datafield tag="246" ind1="3" ind2=" ">
    <subfield code="a">Cuarenta Q y A sobre sanidad y producci&#xF3;n ap&#xED;cola</subfield>
  </datafield>
  <datafield tag="264" ind1=" " ind2="1">
    <subfield code="a">Zaragiza, Espa&#xF1;a:</subfield>
    <subfield code="b">Grupo Asis Biomedia. Servet,</subfield>
    <subfield code="c">2018</subfield>
  </datafield>
  <datafield tag="300" ind1=" " ind2=" ">
    <subfield code="a">xiv, 176 p&#xE1;ginas:</subfield>
    <subfield code="b">ilustraciones, fotograf&#xED;as</subfield>
  </datafield>
  <datafield tag="336" ind1=" " ind2=" ">
    <subfield code="2">rdacontent</subfield>
    <subfield code="a">texto</subfield>
    <subfield code="b">txt</subfield>
  </datafield>
  <datafield tag="337" ind1=" " ind2=" ">
    <subfield code="2">rdamedia</subfield>
    <subfield code="a">sin medio</subfield>
    <subfield code="b">n</subfield>
  </datafield>
  <datafield tag="338" ind1=" " ind2=" ">
    <subfield code="2">rdacarrier</subfield>
    <subfield code="a">volumen</subfield>
    <subfield code="b">nc</subfield>
  </datafield>
  <datafield tag="500" ind1=" " ind2=" ">
    <subfield code="a">ej.1: consumo</subfield>
  </datafield>
  <datafield tag="505" ind1=" " ind2=" ">
    <subfield code="g">1. Q&amp;A de bases de la apicultura.-- 1. &#xBF;Por qu&#xE9; la abeja es un animal ganadero?.--2.&#xBF;Qu&#xE9; toman las abejas de las flores?.-- 3 &#xBF;Qu&#xE9; es el polietismo?.-- 2. Q&amp;A de producci&#xF3;n.-- Introducci&#xF3;n.-- 4. &#xBF;Qu&#xE9; es una colmena movilista?.-- 5. &#xBF;Qu&#xE9; tipo de colmena es la mejor?.-- 6. &#xBF;Qu&#xE9; es la cera estampada?.-- 7. &#xBF;Cu&#xE1;ndo debo revisar las colmenas?.-- 8. &#xBF;Pongo el colmenar a la sombra?.-- 9. &#xBF;C&#xF3;mo multiplico colmenas?.-- 10. &#xBF;Cu&#xE1;ndo compro un cami&#xF3;n para la explotaci&#xF3;n?.-- 11. &#xBF;C&#xF3;mo extraigo la miel?.-- 12. &#xBF;Qu&#xE9; es la aplicultura ecol&#xF3;gica?.-- 13. &#xBF;C&#xF3;mo puedo criar reinas?.-- 14 &#xBF;Qu&#xE9; miel es la mejor?.-- 15. &#xBF;Cuando se obtiene jalea real?.-- 16. &#xBF;Para qu&#xE9; sirve el polen?.-- 3. Q&amp;A de sanidad.-- Introducci&#xF3;n.-- 17. &#xBF;Qu&#xE9; debo mirar al inspeccionar un colmenar?.-- 18. &#xBF;C&#xF3;mo obtengo las muestras en un colmenar?.-- 19. &#xBF;Qu&#xE9; veo a simple vista en la muestras de abejas?.-- 20. &#xBF;Son los plaguicidas la principal amenaza de las anejas mel&#xED;feras?.-- 21&#xBF;C&#xF3;mo respiran las varroas?.-- 22. &#xBF;C&#xF3;mo vive Varroa?.-- 23. &#xBF;Qu&#xE9; efecto tiene Varroa en las colmenas?.-- 24. &#xBF;C&#xF3;mo eval&#xFA;o la vorroosis?.-- 25. &#xBF;Cu&#xE1;ndo puede aparecer una gran infestaci&#xF3;n de Varroa?.-- 26. &#xBF;C&#xF3;mo controlo la varroosis?.-- 27. &#xBF;Qu&#xE9; es la acarapisosis?.-- 28. &#xBF;Cpomo es Nosema?.-- 29. &#xBF;C&#xF3;mo afecta Nosema a las abejas?.-- 30. &#xBF;Qu&#xE9; efecto tiene Nosema en las colmenas?.-- 31. &#xBF;C&#xF3;mo eval&#xFA;o la nosemosis?.-- 32. &#xBF;Cu&#xE1;ndo puede aparecer la nosemosis C y qu&#xE9; puedo hacer?.-- 33. &#xBF;Que son los tripanosom&#xE1;tidos?.-- 34. &#xBF;Qu&#xE9; son los neogregarinos?.-- 35. &#xBF;Es la loque una enfermedad grave?.-- 36. &#xBF;C&#xF3;mo controlo la ascosferosis?.-- 37. &#xBF;Qu&#xE9; virus tienen las abejas adultas?.-- 38. &#xBF;Qu&#xE9; virus afectan a la cr&#xED;a?.-- 39. &#xBF;Qu&#xE9; hago con las avispas?. 40. &#xBF;Que otros agentes pueden afectar a la colmena?</subfield>
  </datafield>
  <datafield tag="520" ind1=" " ind2=" ">
    <subfield code="a">Obra eminentemente pr&#xE1;ctica concebida para mostrar a los profesionales del sector los aspectos m&#xE1;s importantes de la producci&#xF3;n ap&#xED;cola. La informaci&#xF3;n se presenta de un modo totalmente diferente mediante preguntas y respuestas que pretenden estimular la curiosidad del lector y afianzar la adquisici&#xF3;n de los conocimientos. La informaci&#xF3;n se estructura en tres grandes cap&#xED;tulos que engloban las bases de la apicultura, la producci&#xF3;n ap&#xED;cola y la sanidad de las abejas. Sus mas de 200 im&#xE1;genes le confieren un car&#xE1;cter eminentemente pr&#xE1;ctico que sin duda ser&#xE1; de gran inter&#xE9;s para profesores experimentados y para quienes se inician en este campo.</subfield>
  </datafield>
  <datafield tag="534" ind1=" " ind2=" ">
    <subfield code="p">T&#xED;tulo original:</subfield>
  </datafield>
  <datafield tag="650" ind1="1" ind2="3">
    <subfield code="9">6241</subfield>
    <subfield code="a">Apicultura</subfield>
  </datafield>
  <datafield tag="650" ind1="1" ind2="3">
    <subfield code="9">182</subfield>
    <subfield code="a">Abejas</subfield>
    <subfield code="x">Enfremedades</subfield>
  </datafield>
  <datafield tag="650" ind1="1" ind2="3">
    <subfield code="9">143228</subfield>
    <subfield code="a">Abejas mel&#xED;feras</subfield>
  </datafield>
  <datafield tag="650" ind1="1" ind2="0">
    <subfield code="9">168170</subfield>
    <subfield code="a">Abejas </subfield>
    <subfield code="x"> Enfermedades  Colmenas</subfield>
  </datafield>
  <datafield tag="700" ind1="1" ind2=" ">
    <subfield code="9">188173</subfield>
    <subfield code="a">Higes Pascual, Mariano</subfield>
    <subfield code="e">autor</subfield>
  </datafield>
  <datafield tag="700" ind1="1" ind2=" ">
    <subfield code="9">188175</subfield>
    <subfield code="a">Mart&#xED;n Hern&#xE1;ndez, Raquel</subfield>
    <subfield code="e">autor</subfield>
  </datafield>
  <datafield tag="942" ind1=" " ind2=" ">
    <subfield code="2">ddc</subfield>
  </datafield>
  <datafield tag="942" ind1=" " ind2=" ">
    <subfield code="2">ddc</subfield>
  </datafield>
  <datafield tag="942" ind1=" " ind2=" ">
    <subfield code="2">ddc</subfield>
  </datafield>
  <datafield tag="942" ind1=" " ind2=" ">
    <subfield code="2">ddc</subfield>
  </datafield>
  <datafield tag="942" ind1=" " ind2=" ">
    <subfield code="2">ddc</subfield>
  </datafield>
  <datafield tag="942" ind1=" " ind2=" ">
    <subfield code="c">LIBRO</subfield>
  </datafield>
  <datafield tag="999" ind1=" " ind2=" ">
    <subfield code="c">219292</subfield>
    <subfield code="d">219292</subfield>
  </datafield>
  <datafield tag="952" ind1=" " ind2=" ">
    <subfield code="0">0</subfield>
    <subfield code="1">0</subfield>
    <subfield code="2">ddc</subfield>
    <subfield code="4">0</subfield>
    <subfield code="5">1</subfield>
    <subfield code="7">0</subfield>
    <subfield code="8">GRAL</subfield>
    <subfield code="a">Z</subfield>
    <subfield code="b">Z</subfield>
    <subfield code="d">2021-12-13</subfield>
    <subfield code="e">Compra por licitaci&#xF3;n Factura n. 237</subfield>
    <subfield code="g">2210.00</subfield>
    <subfield code="i">Consumo</subfield>
    <subfield code="l">0</subfield>
    <subfield code="o">637.15 M43 2018</subfield>
    <subfield code="p">5102007389</subfield>
    <subfield code="r">2023-10-19 00:00:00</subfield>
    <subfield code="t">Ej.1</subfield>
    <subfield code="w">2023-10-19</subfield>
    <subfield code="y">LIBRO</subfield>
  </datafield>
</record>
